[Event "Commonwealth Championship"]
[Site "Nagpur IND"]
[Date "2008.09.28"]
[EventDate "2008.09.28"]
[Round "?"]
[Result "1-0"]
[White "Baskaran Adhiban"]
[Black "G Vineetha Wijesuriya"]
[WhiteElo "2422"]
[BlackElo "1941"]
[PlyCount "63"]

1. e4 c5 2. Nf3 d6 3. d4 cxd4 4. Nxd4 Nf6 5. Nc3 Nc6 6. Bg5 e6
7. Qd2 Be7 8. O-O-O a6 9. f4 Nxd4 10. Qxd4 b5 11. Bh4 Bb7
12. g4 O-O 13. Rg1 d5 14. e5 Nd7 15. Bxe7 Qxe7 16. Bd3 Nc5
17. f5 Nxd3+ 18. Rxd3 Rac8 19. Ne2 Rc4 20. f6 Qc7 21. Qe3
Rxc2+ 22. Kb1 h6 23. fxg7 Kxg7 24. g5 h5 25. g6 f6 26. Nf4 Bc8
27. Nxh5+ Kg8 28. g7 Rd8 29. Nxf6+ Kf7 30. g8=Q+ Rxg8 31. Nxg8
Rxh2 32. Qf4+ 1-0

[Event "Commonwealth Championship"]
[Site "Nagpur IND"]
[Date "2008.09.29"]
[EventDate "2008.09.28"]
[Round "?"]
[Result "1-0"]
[White "M Vinoth Kumar"]
[Black "Baskaran Adhiban"]
[WhiteElo "2202"]
[BlackElo "2422"]
[PlyCount "55"]

1. d4 Nf6 2. Nf3 g6 3. Nc3 d5 4. Bf4 Bg7 5. e3 O-O 6. h3 c5
7. g4 Nc6 8. Be2 Ne4 9. O-O f5 10. g5 cxd4 11. exd4 Nxd4
12. Nxd4 e5 13. Nf3 exf4 14. Qxd5+ Kh8 15. Rad1 Qe7 16. Bc4
Nxg5 17. Rfe1 Qf6 18. Nxg5 Qxg5+ 19. Kh2 Qh4 20. Qf3 g5
21. Nb5 Qh6 22. Nd6 g4 23. Qd5 Qxh3+ 24. Kg1 Be6 25. Qxe6 Bf6
26. Nf7+ Kg7 27. Rd7 Qh4 28. Qxf5 1-0

[Event "Commonwealth Championship"]
[Site "Nagpur IND"]
[Date "2008.09.30"]
[EventDate "2008.09.28"]
[Round "3.45"]
[Result "1-0"]
[White "Baskaran Adhiban"]
[Black "Reddy M Deepthamsh"]
[WhiteElo "2422"]
[BlackElo "2017"]
[PlyCount "79"]

1. e4 c5 2. Nf3 d6 3. d4 cxd4 4. Nxd4 Nf6 5. Nc3 a6 6. Bg5 e6
7. f4 Qb6 8. Qd2 Nc6 9. Bxf6 gxf6 10. Nb3 Bd7 11. O-O-O O-O-O
12. Be2 h5 13. Rhf1 Be7 14. Rf3 h4 15. Qe1 Rh6 16. Bf1 Kb8
17. Kb1 Rc8 18. Rh3 Rch8 19. Ne2 a5 20. Nd2 Rh5 21. Nc3 Na7
22. Nc4 Qc7 23. a4 Rc5 24. Nd2 Rch5 25. Be2 R5h6 26. Nb5 Nxb5
27. axb5 Rc8 28. Rc3 Qd8 29. Rxc8+ Qxc8 30. b6 Qc5 31. Nc4 a4
32. Qd2 Bb5 33. Qa5 Bc6 34. Qa7+ Kc8 35. Na5 Bd8 36. Bb5 Qxb6
37. Qa8+ Kd7 38. Bxc6+ bxc6 39. Rxd6+ Kxd6 40. Nc4+ 1-0

[Event "Commonwealth Championship"]
[Site "Nagpur IND"]
[Date "2008.09.30"]
[EventDate "2008.09.28"]
[Round "4.31"]
[Result "1/2-1/2"]
[White "Singh Maras Gurpreet"]
[Black "Baskaran Adhiban"]
[WhiteElo "2187"]
[BlackElo "2422"]
[PlyCount "92"]

1. e4 e5 2. Nf3 Nc6 3. Bc4 Bc5 4. d3 Nf6 5. Nc3 d6 6. Bg5 h6
7. Bh4 Na5 8. Bxf6 gxf6 9. Bb3 Nxb3 10. axb3 Rg8 11. Nh4 f5
12. Qh5 f4 13. Qxh6 Be6 14. Na4 Bd4 15. c3 Bxf2+ 16. Kxf2 b5
17. Nf5 Bxf5 18. exf5 bxa4 19. Rxa4 Kd7 20. f6 Qe8 21. Qh3+
Qe6 22. Qxe6+ Kxe6 23. Rha1 Rab8 24. b4 c5 25. Rxa7 cxb4
26. c4 Rh8 27. Re7+ Kxf6 28. Raa7 Rbf8 29. Red7 Rxh2 30. Rxd6+
Kf5 31. Rdd7 f6 32. Rh7 Rxh7 33. Rxh7 Rd8 34. Ke2 Rg8 35. Kf2
Rg3 36. Rh3 Rg8 37. Rh7 Ra8 38. Rb7 Rd8 39. Ke2 Rg8 40. Kf2
Rg3 41. Rd7 Ke6 42. Rd8 f5 43. c5 Ke7 44. Rd5 Ke6 45. Rd6+ Ke7
46. Rd5 Ke6 1/2-1/2

[Event "Commonwealth Championship"]
[Site "Nagpur,India"]
[Date "2008.10.01"]
[EventDate "2008.09.28"]
[Round "5.35"]
[Result "1-0"]
[White "Baskaran Adhiban"]
[Black "E P Nirmal"]
[WhiteElo "2422"]
[BlackElo "2211"]
[PlyCount "59"]

1. e4 e5 2. Nf3 Nc6 3. Bc4 Nf6 4. d3 Be7 5. O-O O-O 6. Bb3 d6
7. c3 h6 8. Nbd2 Nh7 9. Nc4 Ng5 10. Nxg5 Bxg5 11. f4 exf4
12. Bxf4 Bxf4 13. Rxf4 Be6 14. d4 Qg5 15. Qf3 d5 16. Ne3 dxe4
17. Rxe4 Bxb3 18. Rg4 Qd8 19. axb3 Ne7 20. Qxb7 Rb8 21. Qa6
Rxb3 22. Qxh6 Ng6 23. Qh5 Rxb2 24. Nf5 Qb8 25. h3 Rb1+
26. Rxb1 Qxb1+ 27. Kh2 Qf1 28. Rh4 Re8 (28... Nxh4) 29. Qh7+
Kf8 30. Qxg7# 1-0

[Event "Commonwealth Championship"]
[Site "Nagpur India"]
[Date "2008.10.02"]
[EventDate "2008.09.28"]
[Round "?"]
[Result "1/2-1/2"]
[White "Jacques A Ophoff"]
[Black "Baskaran Adhiban"]
[WhiteElo "2275"]
[BlackElo "2422"]
[PlyCount "61"]

1. d4 d5 2. c4 c6 3. cxd5 cxd5 4. Nc3 Nf6 5. Bf4 a6 6. e3 e6
7. Bd3 Bd6 8. Bg3 O-O 9. Rc1 b5 10. Nf3 Bb7 11. O-O Bxg3
12. hxg3 Qd6 13. a4 b4 14. Nb1 Nbd7 15. Nbd2 Ne4 16. Bxe4 dxe4
17. Nc4 Qe7 18. Nfe5 Nxe5 19. Nxe5 f6 20. Nc6 Qd6 21. Na5 Bd5
22. Nb3 f5 23. Rc5 Qd7 24. a5 g5 25. Nd2 Rac8 26. Qh5 g4
27. Rfc1 Rxc5 28. Qg5+ Kf7 29. Rxc5 Rc8 30. Qh5+ Kg7 31. Qg5+
1/2-1/2

[Event "Commonwealth Championship"]
[Site "Nagpur India"]
[Date "2008.10.03"]
[EventDate "2008.09.28"]
[Round "?"]
[Result "0-1"]
[White "Thiramalai Purushothaman"]
[Black "Baskaran Adhiban"]
[WhiteElo "2303"]
[BlackElo "2422"]
[PlyCount "60"]

1. d4 Nf6 2. c4 e6 3. Nf3 b6 4. Nc3 Bb4 5. Bg5 Bb7 6. e3 h6
7. Bh4 Bxc3+ 8. bxc3 d6 9. Be2 Nbd7 10. O-O Qe7 11. Qc2 g5
12. Bg3 h5 13. h4 Ne4 14. hxg5 h4 15. Bxh4 O-O-O 16. Bd3 Rxh4
17. Nxh4 Nxg5 18. g3 f5 19. Rfb1 Nf6 20. Kf1 Ng4 21. d5 Qf6
22. Nxf5 Rf8 23. dxe6 Qxe6 24. Rb5 Ne4 25. f3 Rxf5 26. Rxf5
Nxe3+ 27. Kg1 Nxc2 28. Rf8+ Kd7 29. Rc1 Qh6 30. Rf7+ Ke8 0-1

[Event "Commonwealth Championship"]
[Site "Nagpur India"]
[Date "2008.10.04"]
[EventDate "2008.09.28"]
[Round "R9"]
[Result "0-1"]
[White "Baskaran Adhiban"]
[Black "Neelotpal Das"]
[WhiteElo "2422"]
[BlackElo "2462"]
[PlyCount "100"]

1. e4 c5 2. Nf3 d6 3. d4 cxd4 4. Nxd4 Nf6 5. Nc3 e6 6. Be2 a6
7. O-O Qc7 8. a4 Nc6 9. Be3 Be7 10. f4 O-O 11. Kh1 Bd7 12. Nb3
b6 13. Bf3 Bc8 14. g4 Nd7 15. g5 Re8 16. Bg2 Bf8 17. Rf3 g6
18. Rh3 Rb8 19. Qe1 Bg7 20. Qh4 Nf8 21. Rf1 Ne7 22. Rhf3 b5
23. axb5 axb5 24. Bd4 b4 25. Bxg7 Kxg7 26. Nd1 Ba6 27. Re1
Qxc2 28. Ne3 Qxb2 29. Nd1 Qc2 30. Ne3 Qb2 31. Nd1 Qa2 32. Ne3
Bb7 33. Rh3 Rec8 34. Nd4 Rc5 35. Ng4 Ng8 36. Nf6 Rbc8 37. Nxh7
Rc1 38. Nf6 Rxe1 39. Qxe1 Qb2 40. Rd3 e5 41. fxe5 dxe5 42. Nf3
Nxf6 43. gxf6 Kxf6 44. Rd2 Qc3 45. h3 b3 46. Qh4 Kg7 47. Rd6
b2 48. Qf6 Kg8 49. Nxe5 b1=Q 50. Kh2 Qa2 0-1

[Event "Commonwealth Championship"]
[Site "Nagpur India"]
[Date "2008.10.05"]
[EventDate "2008.09.28"]
[Round "?"]
[Result "1-0"]
[White "C Praveen Kumar"]
[Black "Baskaran Adhiban"]
[WhiteElo "2302"]
[BlackElo "2422"]
[PlyCount "69"]

1. d4 d5 2. c4 c6 3. Nf3 Nf6 4. Nc3 e6 5. cxd5 cxd5 6. Bf4 a6
7. e3 Bd6 8. Bg3 O-O 9. Bd3 b5 10. a3 Bb7 11. O-O Bxg3
12. hxg3 Nbd7 13. Rc1 Ne4 14. Bb1 f5 15. Ne5 Nd6 16. Ne2 Nxe5
17. dxe5 Nc4 18. Qd4 Qb8 19. Nf4 Re8 20. g4 fxg4 21. Qd3 g6
22. Nxg6 hxg6 23. Qxg6+ Kf8 24. Qf6+ Kg8 25. Bg6 Qc7 26. Bxe8
Rxe8 27. b3 Qh7 28. bxc4 dxc4 29. Rcd1 Bd5 30. Rd4 Qh5 31. Rf4
Kh7 32. f3 Rg8 33. Rxg4 Rxg4 34. fxg4 Qe8 35. Kf2 1-0

[Event "Commonwealth Championship"]
[Site "Nagpur,India"]
[Date "2008.10.06"]
[EventDate "2008.09.28"]
[Round "11.31"]
[Result "1-0"]
[White "Baskaran Adhiban"]
[Black "R Rajpara Ankit"]
[WhiteElo "2422"]
[BlackElo "2194"]
[PlyCount "73"]

1. e4 c5 2. Nf3 d6 3. d4 cxd4 4. Nxd4 Nf6 5. Nc3 g6 6. Be3 Bg7
7. f3 Nc6 8. Qd2 O-O 9. Bc4 Bd7 10. O-O-O Rc8 11. Bb3 Nxd4
12. Bxd4 b5 13. Nd5 Nxd5 14. Bxg7 Kxg7 15. exd5 a5 16. a3 b4
17. axb4 axb4 18. Qxb4 Kg8 19. Rhe1 Re8 20. Rd4 Rb8 21. Qd2
Qb6 22. Rh4 h5 23. Qd4 Qa5 24. Rhe4 Bf5 25. Rxe7 Qxe1+
26. Rxe1 Rxe1+ 27. Kd2 Rbe8 28. Bc4 Rh1 29. h3 Ree1 30. Kc3
Rc1 31. Bb3 Rhd1 32. Qf4 Rd3+ 33. Kb4 Rcd1 34. c4 Rf1 35. Qxd6
Rf2 36. Qb8+ Kg7 37. g4 1-0

[Event "Open 16-wycc2008"]
[Site "Vung Tau city"]
[Date "2008.10.20"]
[EventDate "2008.10.20"]
[Round "1.5"]
[Result "0-1"]
[White "Enrico Forato"]
[Black "Baskaran Adhiban"]
[WhiteElo "2109"]
[BlackElo "2439"]
[PlyCount "46"]

1. e4 e5 2. Nf3 Nc6 3. d4 exd4 4. Bc4 Bc5 5. c3 Nf6 6. e5 d5
7. Bb5 Ne4 8. cxd4 Bb6 9. Nc3 O-O 10. Be3 Bg4 11. h3 Bh5
12. g4 Bg6 13. h4 Nxc3 14. bxc3 Be4 15. Rh3 f5 16. exf6 Qxf6
17. Ng5 Rae8 18. Nxe4 Rxe4 19. Be2 Nxd4 20. cxd4 Ba5+ 21. Kf1
Rxe3 22. f3 Rfe8 23. Rh2 Rxe2 0-1

[Event "Open 16-wycc2008"]
[Site "Vung Tau city"]
[Date "2008.10.21"]
[EventDate "2008.10.20"]
[Round "2.5"]
[Result "1-0"]
[White "Baskaran Adhiban"]
[Black "Stef Soors"]
[WhiteElo "2439"]
[BlackElo "2176"]
[PlyCount "83"]

1. e4 e6 2. d4 d5 3. Nd2 Nf6 4. e5 Nfd7 5. f4 c5 6. c3 Nc6
7. Ndf3 Qb6 8. a3 a5 9. b3 Be7 10. h4 cxd4 11. cxd4 f6 12. Bd3
a4 13. b4 f5 14. Ne2 Qd8 15. h5 Nb6 16. Be3 Bd7 17. Kf2 Na7
18. Rg1 Bb5 19. g4 Bxd3 20. Qxd3 O-O 21. Rg2 Rc8 22. Rag1 Rc7
23. Kf1 Qe8 24. gxf5 Qxh5 25. Rxg7+ Kh8 26. f6 Qxf3+ 27. Ke1
Qh3 28. Ng3 Rfc8 29. Rh1 Rc1+ 30. Bxc1 Rxc1+ 31. Qd1 Rxd1+
32. Kxd1 Bf8 33. Rxh3 Bxg7 34. fxg7+ Kxg7 35. f5 Nb5 36. f6+
Kg8 37. Ne2 Nc4 38. Rg3+ Kf8 39. Rg7 Ne3+ 40. Kc1 Nf5 41. Rxh7
Nbxd4 42. Nf4 1-0

[Event "Open 16-wycc2008"]
[Site "Vung Tau city"]
[Date "2008.10.22"]
[EventDate "2008.10.20"]
[Round "3.5"]
[Result "0-1"]
[White "Lloyd Mai"]
[Black "Baskaran Adhiban"]
[WhiteElo "2150"]
[BlackElo "2439"]
[PlyCount "134"]

1. e4 e5 2. Nf3 Nc6 3. Bc4 Bc5 4. c3 Nf6 5. d3 d6 6. h3 a6
7. Bb3 Ba7 8. Nbd2 O-O 9. Nf1 Nh5 10. Bg5 Qe8 11. Qd2 Na5
12. g4 Nxb3 13. axb3 Nf4 14. Bxf4 exf4 15. c4 f5 16. gxf5 Bxf5
17. O-O-O Bg6 18. N1h2 b5 19. Rhg1 bxc4 20. bxc4 Qa4 21. Rg5
Bc5 22. Ng4 Rab8 23. Qc2 Rb3 24. Rxc5 dxc5 25. Nd2 Qa1+
26. Qb1 Qxb1+ 27. Nxb1 Rfb8 28. Rd2 Be8 29. Nc3 a5 30. Ne5 a4
31. Nb1 R3b6 32. h4 Re6 33. Nf3 Rg6 34. Nc3 Rg2 35. Nd5 Bh5
36. Ne5 Rg1+ 37. Kc2 a3 38. bxa3 Be8 39. Nc3 Ra1 40. a4 h6
41. Nb5 Kh7 42. f3 Rb7 43. d4 Rxa4 44. dxc5 Bxb5 45. cxb5 Rxb5
46. Rd5 c6 47. Nxc6 Rc4+ 48. Kd3 Rbxc5 49. Ne5 Rc3+ 50. Kd4
Rc8 51. h5 Re3 52. Rd7 Rc1 53. Kd5 Rh1 54. Rf7 Rxh5 55. Rxf4
Ra3 56. Kd6 Ra6+ 57. Nc6 Rh1 58. Rf5 Rc1 59. Rc5 Rxc5 60. Kxc5
h5 61. e5 Kg6 62. Kd5 h4 63. Ne7+ Kf7 64. Nf5 h3 65. Ng3 h2
66. f4 Rg6 67. e6+ Rxe6 0-1

[Event "Open 16-wycc2008"]
[Site "Vung Tau city"]
[Date "2008.10.22"]
[EventDate "2008.10.20"]
[Round "4.3"]
[Result "1/2-1/2"]
[White "Baskaran Adhiban"]
[Black "Kannappan Priyadharshan"]
[WhiteElo "2439"]
[BlackElo "2245"]
[PlyCount "119"]

1. e4 e5 2. Nf3 Nc6 3. Bb5 Nf6 4. O-O Nxe4 5. d4 Nd6 6. Bxc6
dxc6 7. dxe5 Nf5 8. Qxd8+ Kxd8 9. Nc3 Ne7 10. h3 Ng6 11. a3
Be7 12. Be3 Bd7 13. Rad1 Kc8 14. Rfe1 h6 15. Nd4 Nxe5 16. Bxh6
Rxh6 17. Rxe5 Bf6 18. Re2 b6 19. Ne4 c5 20. Nxf6 Rxf6 21. Nb3
Bc6 22. f3 Kb7 23. Kf2 Re8 24. Rxe8 Bxe8 25. Re1 Ba4 26. Re4
Bc6 27. Re7 Kc8 28. Nd2 Kd8 29. Re3 Rd6 30. Nc4 Rd4 31. Ne5
Be8 32. c3 Rd2+ 33. Re2 Rd5 34. Ke1 f6 35. Ng4 Rd6 36. Ne3 Bg6
37. Nc4 Rd7 38. Rd2 Bd3 39. Ne3 b5 40. Kf2 c4 41. h4 c5 42. g4
Ke8 43. h5 a5 44. Ng2 b4 45. Nf4 bxc3 46. bxc3 Rb7 47. Rd1 Kf7
48. Re1 a4 49. Re6 Rb2+ 50. Kg3 Rb3 51. Rc6 Rxc3 52. Rxc5 Kg8
53. g5 fxg5 54. Ne6 Kh7 55. Kg4 Rc1 56. Nxg5+ Kh6 57. Nf7+ Kh7
58. Ng5+ Kh6 59. Nf7+ Kh7 60. Ng5+ 1/2-1/2

[Event "Open 16-wycc2008"]
[Site "Vung Tau city"]
[Date "2008.10.24"]
[EventDate "2008.10.20"]
[Round "6.1"]
[Result "1/2-1/2"]
[White "Baskaran Adhiban"]
[Black "Das Debashis"]
[WhiteElo "2439"]
[BlackElo "2309"]
[PlyCount "46"]

1. e4 c5 2. Nf3 d6 3. d4 cxd4 4. Nxd4 Nf6 5. Nc3 a6 6. Bg5 e6
7. f4 Qb6 8. Qd2 Nc6 9. Bxf6 gxf6 10. Nb3 Bd7 11. O-O-O O-O-O
12. Be2 h5 13. Rhf1 Ne5 14. Kb1 Ng6 15. Qe1 Be7 16. g3 h4
17. g4 Kb8 18. Rd4 Rc8 19. Qd2 Rc7 20. Nd1 Rd8 21. Ne3 Bc6
22. Na5 Be8 23. Nb3 Qa7 1/2-1/2

[Event "Open 16-wycc2008"]
[Site "Vung Tau city"]
[Date "2008.10.26"]
[EventDate "2008.10.20"]
[Round "7.1"]
[Result "0-1"]
[White "Andrey Gritsenko"]
[Black "Baskaran Adhiban"]
[WhiteElo "2380"]
[BlackElo "2439"]
[PlyCount "100"]

1. e4 c5 2. Nf3 d6 3. d4 cxd4 4. Nxd4 Nf6 5. Nc3 a6 6. h3 e6
7. g4 d5 8. exd5 Nxd5 9. Bg2 Nxc3 10. bxc3 Bd6 11. O-O O-O
12. f4 Qc7 13. Qf3 Nd7 14. Be3 Qxc3 15. Rad1 Nf6 16. f5 Nd5
17. Rd3 Qc4 18. fxe6 fxe6 19. Nf5 Nxe3 20. Nxd6 Rxf3 21. Nxc4
Rxf1+ 22. Bxf1 Nd5 23. Bg2 Kf8 24. Be4 Bd7 25. Ne5 Bc6
26. Bxh7 Nf4 27. Re3 Ke7 28. Nxc6+ bxc6 29. Be4 Kd6 30. h4 Rb8
31. Rb3 Rxb3 32. axb3 c5 33. Kf2 Ke5 34. Ke3 a5 35. g5 Nh5
36. Bf3 Ng3 37. h5 Nf5+ 38. Kd3 Kf4 39. Be2 Kxg5 40. Kc4 Ng3
41. Bd3 e5 42. Kxc5 e4 43. Ba6 e3 44. Kb6 e2 45. Bxe2 Nxe2
46. Kxa5 Nd4 47. c4 Nxb3+ 48. Kb4 Nd4 49. Kc5 Nf5 50. Kd5 Ne3+
0-1

[Event "Open 16-wycc2008"]
[Site "Vung Tau city"]
[Date "2008.10.27"]
[EventDate "2008.10.20"]
[Round "8.1"]
[Result "1-0"]
[White "Baskaran Adhiban"]
[Black "Sethuraman P Sethuraman"]
[WhiteElo "2439"]
[BlackElo "2441"]
[PlyCount "75"]

1. e4 e5 2. Nf3 Nc6 3. Bb5 a6 4. Bxc6 dxc6 5. Nc3 Qd6 6. d4
exd4 7. Qxd4 f6 8. Be3 c5 9. Qxd6 Bxd6 10. O-O-O Be6 11. Na4
c4 12. Nb6 Rd8 13. Nd4 Bf7 14. Nf5 Ne7 15. Nxg7+ Kf8 16. Bh6
Kg8 17. Na4 Bg6 18. Ne6 Re8 19. f3 Kf7 20. Nd4 Ng8 21. Bd2 Ne7
22. Nc3 b5 23. Bh6 Ng8 24. Be3 Ne7 25. h4 h5 26. Nde2 b4
27. Nd5 f5 28. Rhf1 Nc6 29. Bg5 Be5 30. Nxc7 Bxc7 31. Rd7+ Ke6
32. Rxc7 Kd6 33. Rg7 Rhg8 34. Rd1+ Kc5 35. Be3+ Kb5 36. Rd5+
Ka4 37. b3+ Ka3 38. Kb1 1-0

[Event "Open 16-wycc2008"]
[Site "Vung Tau city"]
[Date "2008.10.28"]
[EventDate "2008.10.20"]
[Round "9.1"]
[Result "1/2-1/2"]
[White "Aleksandr Shimanov"]
[Black "Baskaran Adhiban"]
[WhiteElo "2476"]
[BlackElo "2439"]
[PlyCount "147"]

1. d4 d5 2. c4 c6 3. Nf3 Nf6 4. Nc3 e6 5. Bg5 h6 6. Bxf6 Qxf6
7. e3 Nd7 8. Bd3 dxc4 9. Bxc4 g6 10. e4 e5 11. dxe5 Nxe5
12. Nxe5 Qxe5 13. Qb3 Qe7 14. O-O Bg7 15. f4 O-O 16. e5 b5
17. Bd3 Be6 18. Qc2 Qc5+ 19. Rf2 Rad8 20. Qe2 Rd4 21. Ne4 Qb6
22. Bc2 Rfd8 23. Kh1 Bc4 24. Qe1 Bd3 25. Bxd3 Rxd3 26. Rc1 Qd4
27. Re2 Bf8 28. Qf1 Rd1 29. Rxd1 Qxd1 30. Re1 Qd3 31. Qxd3
Rxd3 32. g4 Rf3 33. Rc1 Rxf4 34. Nf6+ Kg7 35. Rxc6 Rc4 36. Rc7
Rxc7 37. Ne8+ Kg8 38. Nxc7 b4 39. b3 Bc5 40. Kg2 Bd4 41. e6
fxe6 42. Nxe6 Be5 43. h3 a5 44. Kf3 Kf7 45. Nc5 Bd4 46. Nd3
Kf6 47. Ke4 Bb6 48. Nf4 Kg5 49. Kf3 Ba7 50. Nd3 Bb8 51. Nc5
Kh4 52. Kg2 Kg5 53. Ne6+ Kf6 54. Nd4 Ba7 55. Nc6 Bb6 56. Kf3
Bc7 57. Ke4 Kg5 58. Kf3 Kh4 59. Ne7 Kg5 60. h4+ Kxh4 61. Nxg6+
Kg5 62. Ne7 Bd6 63. Nf5 Bb8 64. Ne3 Bh2 65. Nc4 Bc7 66. Nd2
Bb8 67. Ne4+ Kh4 68. Nc5 Kg5 69. Ne6+ Kf6 70. Nc5 Kg5 71. Ne4+
Kh4 72. Nf6 Kg5 73. Nd7 Bc7 74. Nc5 1/2-1/2

[Event "Open 16-wycc2008"]
[Site "Vung Tau city"]
[Date "2008.10.29"]
[EventDate "2008.10.20"]
[Round "10.1"]
[Result "1-0"]
[White "Baskaran Adhiban"]
[Black "Vasif Durarbayli"]
[WhiteElo "2439"]
[BlackElo "2434"]
[PlyCount "94"]

1. e4 c5 2. Nf3 Nc6 3. Nc3 g6 4. d4 cxd4 5. Nxd4 Bg7 6. Be3
Nf6 7. Bc4 O-O 8. Bb3 d6 9. h3 Bd7 10. O-O a6 11. f4 Qc7
12. Nf3 b5 13. a3 Rad8 14. Qe1 Qb8 15. Qh4 a5 16. f5 gxf5
17. Bh6 Kh8 18. Nd5 Nxe4 19. Bxg7+ Kxg7 20. Ng5 Nxg5 21. Qxg5+
Kh8 22. Nf6 Ne5 23. Rae1 Qa7+ 24. Kh1 Qd4 25. Nxh7 Rg8 26. Qh5
Kg7 27. Bxf7 Rh8 28. Rxe5 Rxh7 29. Qg5+ Kh8 30. Rxe7 Bc6
31. Kh2 Rg7 32. Qh5+ Rh7 33. Qxf5 Qg7 34. Rf2 Rf8 35. Qf6 Qxf6
36. Rxf6 Bd5 37. Re8 Rxe8 38. Bxe8 Rg7 39. g4 Bc4 40. Rxd6 Re7
41. Rd8 Re2+ 42. Kg3 Kg7 43. b3 Bg8 44. Bxb5 Rxc2 45. Rd3 Kf6
46. Bc4 Bh7 47. Rf3+ Ke5 1-0

[Event "Open 16-wycc2008"]
[Site "Vung Tau city"]
[Date "2008.10.30"]
[EventDate "2008.10.20"]
[Round "11.1"]
[Result "1/2-1/2"]
[White "Baskaran Adhiban"]
[Black "Eric Hansen"]
[WhiteElo "2439"]
[BlackElo "2362"]
[PlyCount "46"]

1. e4 e6 2. d4 d5 3. Nd2 Nf6 4. e5 Nfd7 5. f4 b6 6. Ndf3 c5
7. c3 Be7 8. Bd3 Ba6 9. Bb1 Nc6 10. Ne2 cxd4 11. cxd4 Rc8
12. O-O Qc7 13. f5 Nb4 14. fxe6 fxe6 15. Ng5 Bxg5 16. Bxg5 Qc4
17. Ng3 Nc2 18. Bxc2 Qxc2 19. Qh5+ Qg6 20. Qxg6+ hxg6 21. Rac1
Nb8 22. Rxc8+ Bxc8 23. Rc1 Nd7 1/2-1/2

[Event "Dutch Open"]
[Site "Dieren NED"]
[Date "2009.07.21"]
[EventDate "2009.07.21"]
[Round "1"]
[Result "0-1"]
[White "Nathanael Spaan"]
[Black "Baskaran Adhiban"]
[WhiteElo "2194"]
[BlackElo "2481"]
[PlyCount "64"]

1. e4 e5 2. Nf3 Nc6 3. Bc4 Bc5 4. b4 Bxb4 5. c3 Be7 6. d4 Na5
7. Nxe5 Nxc4 8. Nxc4 d5 9. exd5 Qxd5 10. Ne3 Qd7 11. O-O Nf6
12. Nd2 O-O 13. Nf3 b5 14. Ne5 Qe6 15. Qf3 Rb8 16. Nc6 Bb7
17. Nxe7+ Qxe7 18. Qg3 Ne4 19. Nf5 Qf6 20. Qg4 Rfe8 21. f3
Nxc3 22. Bg5 h5 23. Bxf6 hxg4 24. Nxg7 Re2 25. Rf2 gxf3
26. gxf3 Kh7 27. Rxe2 Nxe2+ 28. Kf2 Nf4 29. d5 Rg8 30. Nf5
Rg2+ 31. Kf1 Bxd5 32. Ne3 Rxh2 0-1

[Event "Dutch Open"]
[Site "Dieren NED"]
[Date "2009.07.22"]
[EventDate "2009.07.21"]
[Round "2"]
[Result "1-0"]
[White "Baskaran Adhiban"]
[Black "Djurre den Heeten"]
[WhiteElo "2481"]
[BlackElo "2321"]
[PlyCount "41"]

1. e4 c5 2. Nf3 Nc6 3. Nc3 f5 4. exf5 d5 5. d4 Bxf5 6. Bb5 Nf6
7. dxc5 Bg4 8. Qe2 d4 9. Ne4 Qd5 10. Nd6+ Kd7 11. Nxb7 Bxf3
12. gxf3 a6 13. Bxa6 Ne5 14. c6+ Kxc6 15. b4 Nxf3+ 16. Kd1 Ne4
17. Bb2 e5 18. Na5+ Kc7 19. Bb7 d3 20. Bxd5 dxe2+ 21. Kxe2 1-0

[Event "Dutch Open"]
[Site "Dieren NED"]
[Date "2009.07.23"]
[EventDate "2009.07.21"]
[Round "3"]
[Result "1/2-1/2"]
[White "Twan Burg"]
[Black "Baskaran Adhiban"]
[WhiteElo "2422"]
[BlackElo "2481"]
[PlyCount "56"]

1. d4 Nf6 2. c4 e6 3. Nf3 b6 4. g3 Ba6 5. Qc2 Bb4+ 6. Bd2 Be7
7. Bg2 c6 8. O-O d5 9. Ne5 Nfd7 10. Nxd7 Nxd7 11. cxd5 cxd5
12. Re1 b5 13. a3 Rc8 14. Qd3 Qb6 15. Bb4 Bf6 16. e3 Bb7
17. Qd2 Bd8 18. Bf1 a5 19. Bc3 O-O 20. Qd3 b4 21. axb4 axb4
22. Bd2 Be7 23. Rc1 Rxc1 24. Bxc1 Ra8 25. Rxa8+ Bxa8 26. Qa6
Qxa6 27. Bxa6 Bc6 28. Nd2 f6 1/2-1/2

[Event "Dutch Open"]
[Site "Dieren NED"]
[Date "2009.07.24"]
[EventDate "2009.07.21"]
[Round "4"]
[Result "1/2-1/2"]
[White "Baskaran Adhiban"]
[Black "Sipke Ernst"]
[WhiteElo "2481"]
[BlackElo "2598"]
[PlyCount "104"]

1. e4 e5 2. Nf3 Nc6 3. Bb5 a6 4. Ba4 Nf6 5. O-O Be7 6. Re1 b5
7. Bb3 d6 8. c3 O-O 9. h3 Bb7 10. d4 Re8 11. Nbd2 Bf8 12. d5
Nb8 13. Nf1 Nbd7 14. Ng3 Nc5 15. Bc2 c6 16. b4 Ncd7 17. dxc6
Bxc6 18. Bb3 h6 19. Nh2 a5 20. a3 Nb6 21. Ng4 Nc4 22. Nxf6+
Qxf6 23. Qd3 Qe6 24. a4 axb4 25. cxb4 Bb7 26. Be3 d5 27. axb5
Bxb4 28. exd5 Bxd5 29. Rxa8 Rxa8 30. Bxc4 Bxc4 31. Qe4 Qd5
32. Qxd5 Bxd5 33. Rd1 Be6 34. Rb1 Be7 35. b6 Rb8 36. Ne4 Bd5
37. Nc5 Bxc5 38. Bxc5 Bb7 39. Bd6 Re8 40. Ra1 Ra8 41. Rxa8+
Bxa8 42. Bxe5 f6 43. Bd4 h5 44. f3 Kf7 45. Kf2 Ke6 46. g4 g6
47. Kg3 Kf7 48. Kf4 Ke6 49. h4 Bb7 50. Bc5 Ba8 51. Bf2 Bb7
52. Kg3 Ba8 1/2-1/2

[Event "Dutch Open"]
[Site "Dieren NED"]
[Date "2009.07.25"]
[EventDate "2009.07.21"]
[Round "5"]
[Result "0-1"]
[White "Sander van Eijk"]
[Black "Baskaran Adhiban"]
[WhiteElo "2338"]
[BlackElo "2481"]
[PlyCount "86"]

1. e4 e5 2. Bc4 Nf6 3. d3 Nc6 4. Nc3 Na5 5. Qf3 c6 6. Nge2 Be7
7. a3 Nxc4 8. dxc4 d6 9. b3 O-O 10. Bb2 Be6 11. O-O Qa5 12. h3
Rfd8 13. Rad1 a6 14. a4 b5 15. axb5 axb5 16. cxb5 cxb5 17. Qd3
b4 18. Nd5 Bxd5 19. exd5 Qa6 20. Qd2 Nxd5 21. Qxd5 Qxe2
22. Rd2 Qa6 23. f4 Bf6 24. Ra1 Qb6+ 25. Kh2 Rxa1 26. Bxa1 h6
27. Qe4 Rc8 28. Qf5 Ra8 29. Bb2 Qc5 30. Qe4 Ra2 31. Rd5 Qf2
32. fxe5 Bg5 33. Rd4 Rxb2 34. Rxb4 g6 35. e6 d5 36. exf7+ Qxf7
37. Qe5 Bf6 38. Qb8+ Qf8 39. Qf4 Qf7 40. Rb8+ Kh7 41. Rc8 Qe6
42. Rc7+ Kg8 43. Ra7 Qe5 0-1

[Event "Dutch Open"]
[Site "Dieren NED"]
[Date "2009.07.27"]
[EventDate "2009.07.21"]
[Round "6"]
[Result "0-1"]
[White "Baskaran Adhiban"]
[Black "Erwin L'Ami"]
[WhiteElo "2481"]
[BlackElo "2593"]
[PlyCount "56"]

1. e4 e5 2. Nf3 Nc6 3. Nc3 Nf6 4. Bb5 Bb4 5. O-O O-O 6. d3 d6
7. Ne2 Ne7 8. c3 Ba5 9. Ng3 Ng6 10. d4 Bb6 11. h3 h6 12. Re1
c6 13. Bd3 Re8 14. Be3 Be6 15. Qd2 Qc7 16. Nf5 Bxf5 17. exf5
Nf8 18. Bxh6 N8h7 19. g4 e4 20. g5 Nh5 21. Bxe4 gxh6 22. f6
Qd7 23. Qd3 Nxg5 24. Bf5 Rxe1+ 25. Rxe1 Nf4 26. Bxd7 Nxd3
27. Re3 Nf4 28. Nh4 Nd5 0-1

[Event "Dutch Open"]
[Site "Dieren NED"]
[Date "2009.07.28"]
[EventDate "2009.07.21"]
[Round "7"]
[Result "1/2-1/2"]
[White "Merijn van Delft"]
[Black "Baskaran Adhiban"]
[WhiteElo "2360"]
[BlackElo "2481"]
[PlyCount "48"]

1. e4 e5 2. Nf3 Nc6 3. Bb5 a6 4. Ba4 Nf6 5. O-O Bc5 6. c3 b5
7. Bc2 d5 8. d4 dxe4 9. dxe5 Qxd1 10. Rxd1 Ng4 11. Bxe4 Bxf2+
12. Kf1 Bb7 13. a4 Bb6 14. axb5 axb5 15. Rxa8+ Bxa8 16. Re1
Nf2 17. Bc2 Ne7 18. Na3 Bd5 19. Be3 Bxe3 20. Rxe3 Ng4 21. Re1
c6 22. Be4 h5 23. Bxd5 Nxd5 24. Nc2 Kd7 1/2-1/2

[Event "Dutch Open"]
[Site "Dieren NED"]
[Date "2009.07.29"]
[EventDate "2009.07.21"]
[Round "8"]
[Result "1/2-1/2"]
[White "Baskaran Adhiban"]
[Black "Hendrik Pieter Hoeksema"]
[WhiteElo "2481"]
[BlackElo "2309"]
[PlyCount "86"]

1. e4 c5 2. Nf3 d6 3. d4 cxd4 4. Nxd4 Nf6 5. Nc3 Nc6 6. Bg5 e6
7. Qd2 a6 8. O-O-O Bd7 9. f3 b5 10. Be3 Nxd4 11. Qxd4 Rb8
12. e5 dxe5 13. Qxe5 Qc8 14. Bg5 Be7 15. Ne4 Nxe4 16. Bxe7
Kxe7 17. fxe4 Qc6 18. Qg5+ Kf8 19. e5 Rc8 20. c3 h6 21. Qg3
Be8 22. Rd6 Qc5 23. Bd3 b4 24. c4 Rc6 25. Rd8 Qb6 26. Ra8 Qb7
27. Rxe8+ Kxe8 28. Qxg7 Rf8 29. Kb1 Rc5 30. Bc2 Ra5 31. Rd1
Qc7 32. Qf6 Rg8 33. Be4 Rc5 34. Bc2 Ra5 35. Be4 Rc5 36. Bc2
Ra5 37. c5 Rxc5 38. Ba4+ Rb5 39. Qf3 Rg5 40. Qa8+ Ke7 41. Bxb5
axb5 42. Qh8 Rxe5 43. Rf1 Rg5 1/2-1/2